| 000 | 00395cam a2200157ua 4500 | ||
|---|---|---|---|
| 003 | OSt | ||
| 008 | 250423b |||||||| |||| 00| 0 eng d | ||
| 041 | _aeng | ||
| 082 |
_a624.1517 _bCLA/PL |
||
| 100 |
_aClark, David . _97027 |
||
| 245 | _aPlane and geodetic surveying, Vol 2 / | ||
| 250 | _a6 / | ||
| 260 |
_a : _bC B S Publishers & Distributers , _c1983. |
||
| 300 | _a268 ; . | ||
| 942 | _cBK | ||
| 999 |
_c2006 _d2006 |
||